| 000 | 01337cam a22003617a 4500 | ||
|---|---|---|---|
| 003 | CHAP | ||
| 005 | 20220329142837.0 | ||
| 008 | 040805d2003 mx b r 00110 spa d | ||
| 010 | _a88606 | ||
| 011 | _a89578 | ||
| 035 | _a100129 | ||
| 040 | _cCHAP | ||
| 090 | _aTesis | ||
| 100 | 0 | 0 |
_aPrado Hernández, Alverto. _991265 |
| 245 | 1 | 0 |
_aAnálisis de riesgo para el pulgón café de los cítricos, Toxoptera citricida (Kilkardy), mediante el programa de computación climex _c/por Alverto Prado Hernández |
| 260 |
_aMontecillo, Méx. : _bEl autor, _c2003. |
||
| 300 |
_a39 h. : _bmapa, ; gráfs. |
||
| 502 | _aTesis (M. C.) -- CP. Instituto de Fitosanidad Programa en Entomología y Acarología | ||
| 590 |
_aALEPH _b10 _c20130110 _lUCH01 _h1459 |
||
| 590 |
_aBATCH-UPD _b10 _c20130110 _lUCH01 _h0145 |
||
| 590 |
_aBATCH-UPD _b10 _c20130110 _lUCH01 _h1846 |
||
| 590 |
_aBATCH-UPD _b10 _c20130409 _lUCH01 _h2144 |
||
| 590 |
_aBATCH-UPD _b10 _c20130410 _lUCH01 _h1216 |
||
| 590 |
_aBATCH-UPD _b10 _c20130914 _lUCH01 _h0959 |
||
| 590 |
_aCONVERSION _b10 _c20130109 _lUCH01 _h1349 |
||
| 650 | 1 | 4 |
_aCítricos _xEfecto del clima. _924419 |
| 650 | 1 | 4 |
_aCítricos _xPlagas. _924458 |
| 650 | 1 | 4 |
_aToxoptera. _9114464 |
| 901 | _aBK | ||
| 905 | _aMayto Villalobos Santana | ||
| 942 | _cTESIS | ||
| 949 |
_aTesis _bBC _cTES _d100129123 _eTS1 _h42348 _i100129 _sb |
||
| 999 |
_c88606 _d88606 |
||